Superheroes by Poster - Statistics

General Stats
  • This quiz has been taken 40 times
  • The average score is 25 of 40
Answer Stats
Picture Answer % Correct
Shazam!
91%
The Amazing Spider-Man
89%
The Dark Knight
89%
Catwoman
86%
Black Adam
77%
Wonder Woman
77%
Aquaman
74%
Captain Marvel
74%
Iron Man
74%
Madame Web
74%
Morbius
74%
The Incredible Hulk
74%
Black Panther
71%
Justice League
71%
Venom
71%
Suicide Squad
69%
Thor: Love And Thunder
69%
Elektra
66%
Joker
66%
Man Of Steel
66%
Blue Beetle
63%
Guardians Of The Galaxy
63%
The Batman
63%
The Flash
63%
The Suicide Squad
63%
Doctor Strange
60%
Eternals
60%
The Dark Knight Rises
60%
Avengers: Endgame
51%
Watchmen
51%
X-Men: First Class
51%
X-Men Origins: Wolverine
51%
Deadpool & Wolverine
43%
Wonder Woman 1984
40%
Shang-Chi And The Legend Of The Ten Rings
37%
The New Mutants
31%
Batman & Robin
29%
Zack Snyder's Justice League
29%
Batman V Superman: Dawn Of Justice
26%
Fantastic 4: Rise Of The Silver Surfer
20%
No matching quizzes found
Score Distribution
Percent of People with Each Score
Percentile by Number Answered
Your Score History
You have not taken this quiz